Manažment a úspešnosť slovenských agrárnych podnikov

Analýza vplyvu manažmentu na úspešnosť poľnohospodárskych podnikov. Závery analýzy, ktorá si vyžiadala dotaznikový prieskum v 46 podnikoch poľnohospodárskej prvovýroby, ktorý bol zameraný na získanie informácií od poľnohospodárskych prvovýrobcov v členení na vytypované tvrdé a mäkké faktory manažmen...

Descrizione completa

Salvato in:
Dettagli Bibliografici
Autore principale: Jankelová, Nadežda, 1966-
Natura: Capitolo di libro
Lingua:slovacco
Soggetti:
Tags: Aggiungi Tag
Nessun Tag, puoi essere il primo ad aggiungerne!!

MARC

LEADER 00000naa$a2200000$$$4500
001 0048617
005 20240502071547.2
041 0 |a slo 
044 |a SK 
245 1 0 |a Manažment a úspešnosť slovenských agrárnych podnikov  |c Nadežda Jankelová 
520 |a Analýza vplyvu manažmentu na úspešnosť poľnohospodárskych podnikov. Závery analýzy, ktorá si vyžiadala dotaznikový prieskum v 46 podnikoch poľnohospodárskej prvovýroby, ktorý bol zameraný na získanie informácií od poľnohospodárskych prvovýrobcov v členení na vytypované tvrdé a mäkké faktory manažmentu. 
610 2 0 |a podnik poľnohospodársky 
610 2 0 |a manažment 
610 2 0 |a riadenie podnikové 
610 2 0 |a dotazníky 
610 2 0 |a prieskum informačný 
610 2 0 |a riadenie strategické 
100 1 |a Jankelová, Nadežda, 1966-